Riconosci la Squadra di calcio - Quiz n°103 - Statistics

Statistiche generali
  • Questo quiz è stato fatto 11 volte
  • Il punteggio medio è 5 su 9
Statistiche sulle risposte
Indizio Risposta % Corretto
Colori sociali Granata
100%
Titoli nazionali 17 Campionati svizzeri
73%
Fondazione 1890
55%
Trofei nazionali 7 Coppe di Svizzera 3 Coppe di Lega svizzere
55%
Divisione nazionale 2023-2024 Prima
55%
Confederazione UEFA
55%
Capienza Stadio 30 084 posti
45%
Trofei internazionali 4 Coppe delle Alpi
45%
Squadra Servette
45%
Nessun quiz corrispondente trovato
Distribuzione punteggi
Percentuale di utenti per punteggio
Percentile per numero di risposta
I tuoi punteggi nel tempo
Non hai fatto questo quiz